Evaluación e intervención psicopedagógica en contextos educativos: estudio de casos, problemática asociada con dificultades de aprendizaje

Guardat en:
Dades bibliogràfiques
Autor principal: Galve Manzano, José Luis (Autor)
Format: Llibre
Idioma:espanyol
Publicat: Madrid EOS 2008
Col·lecció:Fundamentos Psicopedagógicos
Matèries:
Etiquetes: Afegir etiqueta
Sense etiquetes, Sigues el primer a etiquetar aquest registre!

MARC

LEADER 00000nam a2200000 a 4500
001 UCG6347
003 CL-VaPUC
008 110414e20080000SP |||||||||||||||||spa|d
020 |a 9788497272940v.2 
082 0 4 |a 371.9  |b GAL  |2 21 
100 |a Galve Manzano, José Luis  |e author  |9 556487 
245 1 0 |a Evaluación e intervención psicopedagógica en contextos educativos: estudio de casos, problemática asociada con dificultades de aprendizaje 
300 |a v 
942 |c BK 
945 |d 20110414 00:00:00  |a jcampos 
260 |a Madrid  |b EOS  |c 2008 
650 0 |a Trastornos del aprendizaje  |9 307969 
650 0 |a Educación especial  |9 307486 
650 0 |a Psicología del aprendizaje  |9 306854 
583 |a last modification  |c 20110414 00:00:00  |k Rodrigo Vera 
490 0 |a Fundamentos Psicopedagógicos 
999 |c 344604  |d 344602 
952 |0 0  |1 0  |4 0  |6 371_900000000000000_GAL_2008  |7 0  |8 A  |9 442671  |a BIBEDU  |b BIBEDU  |c ES_NOD  |d 2019-11-22  |h v.2  |i 4767535  |o 371.9 GAL 2008  |p 4767535  |r 2023-08-09  |w 2019-11-22  |y BK  |k EPE